FIFA (EA FC) Cover Stars - Statistiken

Allgemein
  • Dieses Quiz wurde 254 mal gespielt
  • Das Durchschnittsergebnis liegt bei 19 aus 32
Antwortstatistiken
Teil Spieler % Korrekt
FIFA 18 Cristiano Ronaldo
100%
FIFA 19 Cristiano Ronaldo / Neymar
100%
FIFA 16 Lionel Messi
100%
FIFA 15 Lionel Messi
100%
FIFA 14 Lionel Messi
100%
FIFA 13 Lionel Messi
100%
FIFA 23 Kylian Mbappé
95%
FIFA 22 Kylian Mbappé
95%
FIFA 21 Kylian Mbappé
95%
FIFA 6 Wayne Rooney / Lukas Podolski / Ronaldinho
88%
FIFA 17 Marco Reus
86%
FIFA 7 Lukas Podolski / Ronaldinho
84%
FIFA 2004 Alessandro del Piero / Thierry Henry / Ronaldinho
82%
FIFA 8 Miroslav Klose / Ronaldinho
82%
EA FC 24 Erling Haaland
79%
EA FC 25 Jude Bellingham
79%
FIFA 9 Ronaldinho / Kevin Kuranyi
79%
FIFA 10 Bastian Schweinsteiger / Wayne Rooney
69%
FIFA 20 Eden Hazard / Virgil Van Dijk
58%
FIFA 12 Lukas Podolski / Mats Hummels
53%
FIFA 2003 Roberto Carlos / Ryan Giggs / Edgar Davids
34%
FIFA 11 Mesut Özil / Rene Adler
26%
FIFA 2001 Lothar Matthäus
25%
FIFA 2005 Patrick Vieira / Fernando Morientes / Andrij Schewtschenko
9%
FIFA 2000 Mehmet Scholl
8%
FIFA 2002 Gerald Asamoah
7%
FIFA 96 Frank de Boer / Jason McAteer
6%
FIFA 98 Andreas Möller
5%
FIFA 99 Olaf Thon
5%
FIFA 97 David Ginola
2%
FIFA International Soccer (1993) David Platt / Piotr Swierczewski
1%
FIFA 95 Erik Thorstvedt
1%
Keine übereinstimmenden Quizze gefunden
Verteilung der Resultate
Anzahl Personen mit jedem Resultat
Perzentil nach korrekt beantworteten Fragen
Ihre Resultats-Entwicklung
Sie haben dieses Quiz noch nicht gespielt